000 00310nam a2200133 a 4500
008 970919s1968||||xx 0 und c
040 _aSNK
_bslo
_cSNK
_eAACR2
100 1 _aSchön, Vladimír
245 1 0 _aRuština pro samouky
260 _aPraha
_bSPN
_c1968
020 _c20,50
041 _aces
044 _aCZ
999 _c19187
_d19187